Ludo alemã¡n [juego] /

Guardado en:
Formato: Objeto Físico
Publicado: Argentina : Kipo's los juegos del mundo, [199?]
Materias:
Etiquetas: Agregar Etiqueta
Sin Etiquetas, Sea el primero en etiquetar este registro!
LEADER 00735nrm a22001695g 4500
001 CEM.cems019164
008 130507b199?##################0###0#####d
005 20220829200605.0
003 CEMS
245 0 0 |a Ludo alemã¡n [juego] /  |c Kipo's Los Juegos Del Mundo 
260 |a Argentina :  |b Kipo's los juegos del mundo,  |c [199?] 
300 |a 1 juego (1 tablero, 1 dado, 24 p.eones divididos en 4 de cada color) ; en caja 38 x 22 x 5 cm. + manual de instrucciones 
490 J u |g oteca 
500 |a Para 2 a 6 jugadores a partir de 8 años y adultos objetivo: ser el primer jugador en llevar los 4 peones a su zona de seguridad. 
082 0 4 |a J794 
653 |a 1. juegos de estrategia tradicional 
859 |a CEMS  |b BIB. CEMS - Ludoteca  |h J794  |i K628  |p 068.92  |t Ej.1